Sustainability in Art Fashion and Wine: Critical Perspectives (Record no. 43379)

MARC details
000 -LEADER
fixed length control field 00538nam a22001817a 4500
005 - DATE AND TIME OF LATEST TRANSACTION
control field 20250325110513.0
008 - FIXED-LENGTH DATA ELEMENTS--GENERAL INFORMATION
fixed length control field 250325b |||||||| |||| 00| 0 eng d
020 ## - INTERNATIONAL STANDARD BOOK NUMBER
International Standard Book Number 9783110783896
041 ## - LANGUAGE CODE
Language code of text/sound track or separate title Eng.
082 ## - DEWEY DECIMAL CLASSIFICATION NUMBER
Classification number 746.92 JOY
100 ## - MAIN ENTRY--PERSONAL NAME
Author Joy, Annamma
245 ## - TITLE STATEMENT
Title Sustainability in Art Fashion and Wine: Critical Perspectives
260 ## - PUBLICATION, DISTRIBUTION, ETC.
Place Boston
Publisher Lexington Books
Publication Year 2024
300 ## - PHYSICAL DESCRIPTION
Extent 315;. P. 24 cm
650 ## - SUBJECT ADDED ENTRY--TOPICAL TERM
Subject Fashion; Clothing Trade-Social Aspects; Wine Industry-Social Aspects; Arts
700 ## - ADDED ENTRY--PERSONAL NAME
Co-Author Gruyter, De
942 ## - ADDED ENTRY ELEMENTS (KOHA)
Koha item type Books
Holdings
Withdrawn status Lost status Source of classification or shelving scheme Damaged status Not for loan Home library Current library Shelving location Accession Date Vendor Price Bill number Full call number Barcode No Date last seen Discount Bill Date Koha item type Suggested By
    Dewey Decimal Classification     IMTN IMTN Rack 38-A 03/18/2025 Raghav Books Private Limited 5121.34 2374 746.92 JOY 33670 03/25/2025 33 02/14/2025 Books Dr. Rajnandan Patnaik
Designed & Maintained by: LRC IMT Nagpur Contact: lrc@imtnag.ac.in© 2024. All Rights Reserved.